Ngữ pháp văn bản tiếng Pháp = Grammaire textuelle francais

Saved in:
Bibliographic Details
Main Author: Trương, Quang Đệ
Format: Book
Language:Undetermined
Published: Hà Nội Giáo Dục 1999
Subjects:
Tags: Add Tag
No Tags, Be the first to tag this record!
Institutions: Trung tâm Học liệu Trường Đại học Cần Thơ
LEADER 00595nam a2200181Ia 4500
001 CTU_37015
008 210402s9999 xx 000 0 und d
082 |a 448.24 
082 |b Đ250 
100 |a Trương, Quang Đệ 
245 0 |a Ngữ pháp văn bản tiếng Pháp = 
245 0 |b Grammaire textuelle francais 
245 0 |c Trương Quang Đệ 
260 |a Hà Nội 
260 |b Giáo Dục 
260 |c 1999 
650 |a french language - spoken french,french language - textbooks for foreign speakers 
980 |a Trung tâm Học liệu Trường Đại học Cần Thơ